| 000 | 00487pam a2200181 a 4500 | ||
|---|---|---|---|
| 020 | _a0029479304 | ||
| 040 | _cDLC | ||
| 082 | 0 | 0 | _a338 MAC 1986 A011 Or. |
| 100 | 1 | _aHazell, P. B. R. | |
| 245 | 1 | 0 | _aMathematical programming for economic analysis in agriculture / |
| 260 |
_aNew York : _bMacmillan, _cc1986. |
||
| 300 |
_axiv, 400 p. : _bill. ; _c25 cm. |
||
| 500 | _aIncludes index. | ||
| 650 | 0 | _aAgriculture | |
| 650 | 0 | _aAgriculture | |
| 700 | 1 | _aNorton, Roger D., | |
| 942 | _cEK | ||
| 999 |
_c13502 _d13502 |
||